000 00639nam a2200229Ia 4500
003 OSt
005 20221005085515.0
006 a|||||r|||| 00| 0
007 ta
008 221004b |||||||| |||| 00| 0 eng d
024 _a24695
037 _cTextual
040 _aCRL
_cCRL
_beng
041 _2eng
_aeng
082 _aNQxK06x, G7 (RR)
100 _aRembrandt
_9614280
245 0 _aComplete etchings Ed by Constance Schild
260 _aNew York
_bGarden City Publishing Co India
_c1937
650 _aPAINTING
_934359
942 _hNQxK06x, G7 (RR)
_cTEXL
_2cc
999 _c994358
_d994358